Online Catalogue and eLibrary

Kandak gini avilenne (Record no. 4805)

MARC details
000 -LEADER
fixed length control field 00363nam a2200157Ia 4500
005 - DATE AND TIME OF LATEST TRANSACTION
control field 20250425064033.0
008 - FIXED-LENGTH DATA ELEMENTS--GENERAL INFORMATION
fixed length control field 240331s9999 xx 000 0 und d
020 ## - INTERNATIONAL STANDARD BOOK NUMBER
ISBN 9552014751
082 ## - DDC Classification
Item Number - Author Mark ABE
Class No. 891
100 ## - MAIN ENTRY--PERSONAL NAME
Personal name Abedeera,L.F
245 #0 - TITLE STATEMENT
Title Kandak gini avilenne
260 ## - PUBLICATION, DISTRIBUTION, ETC.
Place of publication, distribution, etc. Colombo
Name of publisher, distributor, etc. Godake & Sons
Date of publication, distribution, etc. 1995
300 ## - PHYSICAL DESCRIPTION
Extent (e.g. Volumes, Pages etc.) 376 p .,
650 ## - SUBJECT ADDED ENTRY--TOPICAL TERM
Topical term or geographic name entry element Novel
942 ## - Koha item type (Biblio)
Koha item type Books in Stacks (Lending)
Holdings
Lost status Damaged status Collection code Home library Current library Shelving location Date acquired Full call number Accession Number Item type
    Lending WERC Library WERC Library Social Science Cupboard 03/31/2024 891.48 ABE 2812 Books in Stacks (Lending)

© WERC Library